Encuentro de civilizaciones / (Record no. 109913)

MARC details
000 -LEADER
campo de control de longitud fija 01181cam a22003853 4500
003 - IDENTIFICADOR DE NÚMERO DE CONTROL
campo de control BJBSDDR
005 - FECHA Y HORA DE LA ÚLTIMA TRANSACCIÓN
campo de control 20230411085943.0
007 - CAMPO FIJO DE DESCRIPCIÓN FÍSICA--INFORMACIÓN GENERAL
campo de control de longitud fija ta
008 - DATOS DE LONGITUD FIJA--INFORMACIÓN GENERAL
campo de control de longitud fija 090622s2009 sp 000 0 spa d
020 ## - NÚMERO INTERNACIONAL ESTÁNDAR DEL LIBRO
Número Internacional Estándar del Libro 9788496797123
020 ## - NÚMERO INTERNACIONAL ESTÁNDAR DEL LIBRO
Número Internacional Estándar del Libro 8496797120
035 ## - NÚMERO DE CONTROL DEL SISTEMA
Número de control de sistema (OCoLC)ocn406164896
035 ## - NÚMERO DE CONTROL DEL SISTEMA
Número de control de sistema (OCoLC)406164896
040 ## - FUENTE DE CATALOGACIÓN
Centro catalogador/agencia de origen BTCTA
Centro/agencia transcriptor BTCTA
Lengua de catalogación spa
041 ## - CÓDIGO DE IDIOMA
Código de lengua del texto/banda sonora o título independiente spa
049 ## - FONDOS LOCALES (OCLC)
Biblioteca depositaria GRAL
050 14 - SIGNATURA TOPOGRÁFICA DE LA BIBLIOTECA DEL CONGRESO
Número de clasificación CB 113
Número de ítem E56 2009
082 00 - NÚMERO DE LA CLASIFICACIÓN DECIMAL DEWEY
Número de clasificación 909
100 1# - ENTRADA PRINCIPAL--NOMBRE DE PERSONA
Nombre de persona Courbage, Youssef,
Fechas asociadas al nombre 1946-
240 10 - TÍTULO UNIFORME
Título uniforme Rendez-vous des civilisations.
Lenguaje de la obra Español
245 10 - MENCIÓN DEL TÍTULO
Título Encuentro de civilizaciones /
Mención de responsabilidad, etc. Youssef Courbage y Emmanuel Todd ; traducción de Marisa Pérez Colina.
260 ## - PUBLICACIÓN, DISTRIBUCIÓN, ETC.
Lugar de publicación, distribución, etc. Tres Cantos :
Nombre del editor, distribuidor, etc. Foca Ediciones ;
Fecha de publicación, distribución, etc. 2009.
300 ## - DESCRIPCIÓN FÍSICA
Extensión 175 p. :
Otras características físicas il. ;
Dimensiones 22 cm.
440 ## - MENCIÓN DE SERIE/PUNTO DE ACCESO ADICIONAL--TÍTULO
Título Foca investigación ;
Designación de volumen o secuencia 93
500 ## - NOTA GENERAL
Nota general Traducción de: Le rendez-vous des civilisations.
650 #4 - PUNTO DE ACCESO ADICIONAL DE MATERIA--TÉRMINO DE MATERIA
9 (RLIN) 146
Término de materia o nombre geográfico como elemento de entrada Civilización
650 #0 - PUNTO DE ACCESO ADICIONAL DE MATERIA--TÉRMINO DE MATERIA
Término de materia o nombre geográfico como elemento de entrada Historia universal
9 (RLIN) 735
650 #4 - PUNTO DE ACCESO ADICIONAL DE MATERIA--TÉRMINO DE MATERIA
9 (RLIN) 1143
Término de materia o nombre geográfico como elemento de entrada Islamismo
700 1# - ENTRADA AGREGADA--NOMBRE PERSONAL
9 (RLIN) 13604
Nombre de persona Todd, Emmanuel,
Fechas asociadas al nombre 1951-
700 1# - ENTRADA AGREGADA--NOMBRE PERSONAL
Nombre de persona Pérez Colina, Marisa,
Fechas asociadas al nombre 1968-
Término indicativo de función/relación traductora
9 (RLIN) 9197
720 ## - ENTRADA AGREGADA--NOMBRE NO CONTROLADO
Nombre Courbage, Y.
720 ## - ENTRADA AGREGADA--NOMBRE NO CONTROLADO
Nombre Todd, Em
942 ## - ELEMENTOS DE ENTRADA SECUNDARIOS (KOHA)
Fuente del sistema de clasificación o colocación Clasificación de Library of Congress
Tipo de ítem Koha Libro
946 ## - PROCESAMIENTO DE INFORMACIÓN LOCAL (OCLC)
a AAG
Holdings
Estatus retirado Estado de pérdida Estado de daño No para préstamo Colección Biblioteca de origen Biblioteca actual Ubicación en estantería Fecha de adquisición Signatura topográfica completa Código de barras Visto por última vez Copia número Tipo de ítem Koha
        Recursos Regionales Biblioteca Juan Bosch Biblioteca Juan Bosch Recursos Regionales (2do. Piso) 11/04/2023 CB 113 E56 2009 00000076170 17/02/2019 1 Libro